000 00544nam a2200157 a 4500
008 120416s0000 ||||||||||||||||| || u
020 _a0314825460
050 _aT 56.3 Den
100 _aDennis, Terry L
245 1 0 _aStudy guide to accompany management science
260 _aSt. Paul
_bWest Publishing
_c1991
300 _avi, 356p. : ill.
350 _a0.00
700 _aCoppins, Richard J
995 _D0.00
_FCBU-MAIN LIBRARY (Kitwe)
_H1
_I10.00
_M1
_UDAMAGED
_ZMain Library Open Access Collection
999 _c58814
_d58814